Fr. Conceicao Rodrigues College of Engineering

Business excellence and self Assessment (Record no. 28204)

MARC details
000 -LEADER
fixed length control field 00274nam a2200133Ia 4500
082 ## - DEWEY DECIMAL CLASSIFICATION NUMBER
Classification number 650.13
Item number BUS
100 ## - MAIN ENTRY--PERSONAL NAME
Personal name CII
245 ## - TITLE STATEMENT
Title Business excellence and self Assessment
260 ## - PUBLICATION, DISTRIBUTION, ETC.
Name of publisher, distributor, etc. CII
Date of publication, distribution, etc. 2001
300 ## - PHYSICAL DESCRIPTION
Extent 168
546 ## - LANGUAGE NOTE
Language note ENGLISH
654 ## - SUBJECT ADDED ENTRY--FACETED TOPICAL TERMS
Focus term business
942 ## - ADDED ENTRY ELEMENTS (KOHA)
Koha item type BOOK
Holdings
Withdrawn status Lost status Damaged status Not for loan Collection Home library Current library Date acquired Total Checkouts Full call number Barcode Date last seen Price effective from Koha item type
        CRC Fr. Agnel's C.Rodrigues College of Engineering Fr. Agnel's C.Rodrigues College of Engineering 17/03/2023   650.13 BUS 13264 17/03/2023 17/03/2023 BOOK